[Event "It (open) (b)"]
[Site "masterchessopen.com - Prague (Czech Republic)"]
[Date "2009.01.11"]
[Round "3"]
[White "Kamenik Robert (CZE)"]
[Black "Bartos Jan (CZE)"]
[Result "0-1"]
[WhiteElo "1976"]
[BlackElo "2197"]

1.d4 Nf6 2.c4 c5 3.d5 e5 4.Nc3 d6 5.e4 Be7 6.Bd3 Nbd7 7.Nge2 Nf8 8.O-O Ng6
9.f4 exf4 10.Nxf4 Ng4 11.Nxg6 hxg6 12.h3 Bf6 13.Ne2 Ne5 14.Bf4 g5 15.Bxe5 Bxe5
16.Qe1 g4 17.hxg4 Bxg4 18.Kf2 Rh2 19.Kg1 Qg5 20.Rf2 Bf3 21.Qf1 Rh1+ {#R} 0-1

[Event "Tournament"]
[Site "masterchessopen.com - Telde (Spain)"]
[Date "2009.02.21"]
[Round "5"]
[White "Leon Varela Luis (ESP)"]
[Black "Buet Samuel (ESP)"]
[Result "1-0"]
[WhiteElo "2121"]
[BlackElo "1893"]

1.d4 Nf6 2.c4 c5 3.d5 e5 4.Nc3 d6 5.e4 Be7 6.g3 Na6 7.Bg2 O-O 8.f4 exf4 9.gxf4
Bg4 10.Nf3 Re8 11.O-O Nd7 12.Qd3 f5 13.e5 Bxf3 14.Qxf3 dxe5 15.d6 {#r} 1-0

[Event "Tournament (Elo)"]
[Site "masterchessopen.com - Ekaterinburg (Russia)"]
[Date "2009.02.26"]
[Round "2"]
[White "Kaliberda Vladimir (UKR)"]
[Black "Motyliov Anatoly (RUS)"]
[Result "1-0"]
[WhiteElo "2308"]
[BlackElo "2229"]

1.d4 Nf6 2.c4 c5 3.d5 e5 4.Nc3 d6 5.e4 g6 6.h3 Bg7 7.Bd3 O-O 8.g4 a6 9.a4 b6
10.Nge2 Ra7 11.Bg5 Nbd7 12.Qd2 Re8 13.f3 Nf8 14.h4 Bd7 15.h5 Qc7 16.Ng3 Rb7
17.Nf5 gxf5 18.gxf5 b5 {#r} 1-0

[Event "It (open)"]
[Site "masterchessopen.com - Sant Boi (Spain)"]
[Date "2009.04.24"]
[Round "1"]
[White "Felipo Pages Danilo (ESP)"]
[Black "Gonzalez Rodriguez Jorge A (COL)"]
[Result "0-1"]
[WhiteElo "1772"]
[BlackElo "2429"]

1.d4 Nf6 2.c4 c5 3.d5 e5 4.Nc3 d6 5.e4 g6 6.g3 Bg7 7.Nf3 O-O 8.Bg2 Ne8 9.O-O
f5 10.Re1 h6 11.exf5 gxf5 12.Bd2 Nf6 13.Qc2 Na6 14.a3 Bd7 15.Nh4 Ne8 16.Bh3
Qf6 17.f4 Qf7 18.Re2 e4 19.Rae1 Bd4+ 20.Be3 Ng7 21.Rg2 Bf6 22.Ree2 Nc7 23.g4
Bxh4 {#R} 0-1

[Event "It (cat.1)"]
[Site "masterchessopen.com - Habana (Cuba)"]
[Date "2009.06.24"]
[Round "3"]
[White "Ragolta Eduardo (CUB)"]
[Black "Delgado Hector (CUB)"]
[Result "0-1"]
[WhiteElo "2212"]
[BlackElo "2385"]

1.d4 Nf6 2.c4 c5 3.d5 e5 4.Nc3 d6 5.e4 Be7 6.Bd3 Nbd7 7.Bc2 a6 8.Nge2 Nf8
9.Ba4+ N6d7 10.f4 exf4 11.Nxf4 Bh4+ 12.g3 Bf6 13.O-O Ng6 14.Nxg6 hxg6 15.Bf4
Bd4+ 16.Kh1 b5 17.cxb5 Ne5 18.b6+ Ke7 19.b7 Rxh2+ {#R} 0-1

[Event "Ch Germany (seniors)"]
[Site "masterchessopen.com - Dresden (Germany)"]
[Date "2009.08.08"]
[Round "7"]
[White "Weidlich Guenter (GER)"]
[Black "Fronczek Heinrich (GER)"]
[Result "1-0"]
[WhiteElo "2169"]
[BlackElo "2291"]

1.d4 Nf6 2.c4 c5 3.d5 e5 4.Nc3 d6 5.e4 g6 6.Bd3 Bg7 7.h3 O-O 8.g4 h5 9.Bg5
hxg4 10.hxg4 Bxg4 11.Bxf6 Qb6 12.Qxg4 Qxb2 13.Qh4 Qxc3+ 14.Ke2 {#r} 1-0

[Event "It (open)"]
[Site "masterchessopen.com - Yuzhny (Ukraine)"]
[Date "2009.09.09"]
[Round "2"]
[White "Kozak Leonid (UZB)"]
[Black "Khazankin Moisei (UKR)"]
[Result "1-0"]
[WhiteElo "2356"]
[BlackElo "2157"]

1.d4 Nf6 2.c4 c5 3.d5 e5 4.Nc3 d6 5.e4 Be7 6.Bd3 Nbd7 7.h3 h5 8.Nf3 a6 9.Be3
Rb8 10.a3 Qa5 11.O-O b5 12.cxb5 axb5 13.b4 Qd8 14.bxc5 Nxc5 15.Bxc5 dxc5
16.Nxe5 c4 17.Nc6 Qb6 18.Bxc4 bxc4 19.Rb1 Qa6 20.Rxb8 Bd6 21.Rxc8+ Qxc8 22.e5
{#r} 1-0

[Event "It (open)"]
[Site "masterchessopen.com - Perugia (Italy)"]
[Date "2009.09.25"]
[Round "1"]
[White "Malfagia Andrea (ITA)"]
[Black "Marsili Riccardo (ITA)"]
[Result "1-0"]
[WhiteElo "2256"]
[BlackElo "1873"]

1.d4 Nf6 2.c4 c5 3.d5 e5 4.Nc3 d6 5.e4 Be7 6.h3 Nbd7 7.Bd3 h5 8.g3 Nf8 9.Be3
Ng6 10.f4 exf4 11.gxf4 Nd7 12.Nf3 Bh4+ 13.Kd2 Qf6 14.e5 dxe5 15.Ne4 Qb6 16.f5
Qxb2+ 17.Qc2 Qxc2+ 18.Kxc2 Bf6 19.fxg6 fxg6 20.Rhg1 b6 21.Rxg6 Rf8 22.Nfg5 Ke7
23.d6+ {#r} 1-0

[Event "Ch City"]
[Site "masterchessopen.com - Nizhnij Novgorod (Russia)"]
[Round "0"]
[White "Shulakova Svetlana (RUS)"]
[Black "Vidyaev Evgeny (RUS)"]
[Result "1-0"]
[WhiteElo "2151"]
[BlackElo "2066"]

1.d4 Nf6 2.c4 c5 3.d5 e5 4.Nc3 d6 5.e4 Be7 6.h3 O-O 7.Nf3 Ne8 8.g4 Nd7 9.Bd3
Ndf6 10.Be3 Kh8 11.a3 Ng8 12.b4 b6 13.Ke2 g6 14.Rg1 Ng7 15.Qd2 f5 16.gxf5 gxf5
17.Bh6 Nh5 18.Kd1 Nf4 {#r} 1-0

[Event "It (open)"]
[Site "masterchessopen.com - Villa Ballester (Argentina)"]
[Date "2010.01.30"]
[Round "8"]
[White "Guerrero Alvaro (URU)"]
[Black "Cabral Matias Andres"]
[Result "1-0"]
[WhiteElo "2270"]
[BlackElo "1934"]

1.d4 Nf6 2.c4 c5 3.d5 e5 4.Nc3 d6 5.Nf3 g6 6.g3 Bg7 7.Bg2 a6 8.O-O O-O 9.a4 a5
10.h3 b6 11.Qc2 Nbd7 12.Nb5 Ne8 13.Ra3 Qe7 14.e4 h6 15.Kh1 Kh7 16.Nh2 Ndf6
17.g4 h5 18.Bg5 Bh6 19.Bxh6 Kxh6 20.g5+ {#r} 1-0

[Event "It \"]
[Site "masterchessopen.com - Einhausen (Germany)"]
[Date "2010.04.30"]
[Round "2"]
[White "Hilverda Alexander (GER)"]
[Black "Koch Markus (GER)"]
[Result "1-0"]
[WhiteElo "2217"]
[BlackElo "2072"]

1.d4 Nf6 2.c4 c5 3.d5 e5 4.Nc3 d6 5.e4 Nbd7 6.g3 g6 7.Bg2 Bg7 8.Nge2 O-O 9.O-O
Nh5 10.f4 exf4 11.gxf4 Nb6 12.Qd3 f5 13.Ng3 Qh4 14.Nxh5 Qxh5 15.Nb5 fxe4
16.Qb3 Bg4 17.Nxd6 Be2 18.Re1 Bd4+ 19.Be3 Rxf4 20.Bxd4 cxd4 21.c5 Rf3 22.Nxe4
Qg4 23.Qxf3 {#r} 1-0

[Event "It (open) \"]
[Site "masterchessopen.com - Agios Kirykos (Greece)"]
[Date "2010.07.20"]
[Round "8"]
[White "Tepelenis Nikolaos (GRE)"]
[Black "Doudonis Hristos (GRE)"]
[Result "1-0"]
[WhiteElo "2206"]
[BlackElo "2016"]

1.d4 Nf6 2.c4 c5 3.d5 e5 4.Nc3 d6 5.e4 Be7 6.g3 O-O 7.Bg2 Ne8 8.Nge2 g6 9.O-O
Bg5 10.f4 Bh6 11.f5 Bxc1 12.Qxc1 g5 13.f6 Kh8 14.Qxg5 Rg8 15.Qh4 Rg4 16.Qh6
Rg6 17.Qf8+ Rg8 18.Qxf7 Nd7 19.Qe7 {#r} 1-0

[Event "It (open) (juniors) (under 18) (g)"]
[Site "masterchessopen.com - Bento Goncalves (Brazil)"]
[Date "2010.08.06"]
[Round "7"]
[White "De Leon Daiana"]
[Black "Cortes Arias Mariela (CHI)"]
[Result "0-1"]
[WhiteElo "1724"]
[BlackElo "1772"]

1.d4 Nf6 2.c4 c5 3.d5 e5 4.Nc3 d6 5.Qc2 Be7 6.e4 Nbd7 7.f3 h5 8.Be3 Nb8 9.Bd3
Na6 10.a3 Bd7 11.Nge2 Rb8 12.O-O h4 13.Rfb1 Nh5 14.b4 b6 15.Nb5 Bxb5 16.cxb5
Nc7 17.a4 Bg5 18.Bf2 Qf6 19.Kh1 h3 20.Ng1 hxg2+ 21.Kxg2 Nf4+ 22.Kh1 Rxh2+
23.Kxh2 Qh6+ {#R} 0-1

[Event "Tournament (Elo)"]
[Site "masterchessopen.com - Itu (Brazil)"]
[Date "2010.08.14"]
[Round "2"]
[White "Garkauskas Otto Dmitry (BRA)"]
[Black "Brito Andressa Souza"]
[Result "1-0"]
[WhiteElo "1988"]
[BlackElo "1646"]

1.d4 Nf6 2.c4 c5 3.d5 e5 4.Nc3 d6 5.e4 g6 6.f4 Bg7 7.fxe5 dxe5 8.Nf3 Nbd7
9.Bd3 O-O 10.O-O Nh5 11.Be3 Nf4 12.g3 Nxd3 13.Qxd3 Nf6 14.Bxc5 Re8 15.Kg2 Bg4
16.Be3 Qd7 17.Ng1 b6 18.h3 Bh5 19.Bg5 Qd8 20.g4 h6 21.Bxf6 Bxf6 22.gxh5 gxh5
23.Qf3 {#r} 1-0

[Event "Ch Serbia (team) (w)"]
[Site "masterchessopen.com - Novi Sad (Serbia)"]
[Date "2010.08.24"]
[Round "2"]
[White "Vasilevich Tatjana (UKR)"]
[Black "Marcetic Marija (SRB)"]
[Result "1-0"]
[WhiteElo "2399"]
[BlackElo "2180"]

1.d4 Nf6 2.c4 c5 3.d5 e5 4.Nc3 d6 5.e4 Be7 6.Bd3 Nbd7 7.Nge2 Nf8 8.Ng3 Ng6
9.Nf5 O-O 10.g3 Re8 11.h4 h6 12.Bc2 h5 13.Kf1 a6 14.Kg2 Bxf5 15.exf5 Nf8 16.a4
N8d7 17.Qe2 b6 18.b3 Rb8 19.Ba3 Rb7 20.f3 Qb8 21.g4 e4 22.Nxe4 Nxe4 23.Bxe4
hxg4 24.fxg4 {#r} 1-0

[Event "Czech League 2010/11 (krajsky prebor)"]
[Site "masterchessopen.com - Czech Republic"]
[Date "2010.11.14"]
[Round "3"]
[White "Matonoha Ctirad (CZE)"]
[Black "Prouza Pavel"]
[Result "1-0"]
[WhiteElo "2029"]
[BlackElo "1833"]

1.d4 Nf6 2.c4 c5 3.d5 e5 4.Nc3 d6 5.e4 a6 6.Bd3 g6 7.Nge2 Bg7 8.O-O O-O 9.a3
Nbd7 10.Bd2 Nh5 11.Qc2 Qh4 12.Qc1 f6 13.f3 Nb6 14.Nd1 Bd7 15.Nf2 Nf4 16.Nxf4
exf4 17.Bxf4 Nc8 18.b4 f5 19.Rb1 b6 20.bxc5 dxc5 21.e5 Qh5 22.e6 Ba4 23.g4
fxg4 24.fxg4 {#r} 1-0

[Event "Tournament (open)"]
[Site "masterchessopen.com - Sao Jose do Rio Preto (Brazil)"]
[Date "2010.11.26"]
[Round "5"]
[White "Oliveira Silvio Eduardo (BRA)"]
[Black "Garcia Liria Caetano (BRA)"]
[Result "1-0"]
[WhiteElo "2368"]
[BlackElo "1908"]

1.d4 Nf6 2.c4 c5 3.d5 e5 4.Nc3 d6 5.e4 Be7 6.f4 Nbd7 7.Nf3 exf4 8.Bxf4 O-O
9.Bd3 Ne8 10.Qc2 g6 11.O-O-O Bf6 12.h4 Qe7 13.h5 Ne5 14.Qf2 a6 15.Qg3 Bd7
16.Be2 Nxf3 17.gxf3 Be5 18.Bxe5 Qxe5 19.f4 Qe7 20.Bd3 b5 21.e5 b4 22.Bc2 {#r}
1-0

[Event "Ch Slovakia (team) 2010/11 (1 liga) East"]
[Site "masterchessopen.com - Slovakia"]
[Date "2011.01.09"]
[Round "5"]
[White "Straka Josef Jr (SVK)"]
[Black "Zambor Norbert (SVK)"]
[Result "1-0"]
[WhiteElo "2299"]
[BlackElo "2296"]

1.d4 Nf6 2.c4 c5 3.d5 e5 4.g3 d6 5.Bg2 Be7 6.Nc3 O-O 7.e4 Ne8 8.Nge2 Bg5 9.O-O
Bxc1 10.Rxc1 Nd7 11.Qd3 g6 12.f4 f5 13.Rce1 exf4 14.gxf4 fxe4 15.Nxe4 Ndf6
16.Ng5 Ng7 17.Ng3 Re8 18.Ne6 Nxe6 19.dxe6 Bxe6 20.f5 Bf7 21.fxg6 Bxg6 22.Rxe8+
Qxe8 23.Qc3 {#r} 1-0

[Event "Zt"]
[Site "masterchessopen.com - Rotorua (New Zealand)"]
[Date "2011.01.30"]
[Round "8"]
[White "Johnson Quentin J F (NZL)"]
[Black "Fitzpatrick Andrew (AUS)"]
[Result "0-1"]
[WhiteElo "2127"]
[BlackElo "1999"]

1.d4 Nf6 2.c4 c5 3.d5 e5 4.Nc3 d6 5.e4 Nbd7 6.Nf3 Be7 7.Qc2 Nf8 8.g3 Bg4 9.Bg2
h5 10.h4 a6 11.Nh2 Bd7 12.Nf1 Rb8 13.Bh3 Bxh3 14.Rxh3 Qd7 15.Rh1 b5 16.Bd2 b4
17.Ne2 Qg4 18.Qa4+ N8d7 19.Qxa6 Qxe4 20.Rg1 O-O 21.Bg5 Ra8 22.Qb7 Rfb8 23.Qc7
Bd8 24.Qxd6 Rb6 {#R} 0-1

[Event "Zt"]
[Site "masterchessopen.com - Rotorua (New Zealand)"]
[Round "9"]
[White "Reilly Tim (AUS)"]
[Black "Stevens Tristan (AUS)"]
[Result "1-0"]
[WhiteElo "2266"]
[BlackElo "2128"]

1.d4 Nf6 2.c4 c5 3.d5 e5 4.Nc3 d6 5.e4 Nbd7 6.Bd3 Be7 7.Be3 Nf8 8.h3 h5 9.Qd2
h4 10.Nf3 Ng6 11.Rb1 Bd7 12.b4 b6 13.O-O Nh5 14.Ne2 Qc7 15.Rb2 Kf8 16.Rfb1 Kg8
17.Bc2 Rf8 18.bxc5 dxc5 19.d6 Bxd6 20.Rd1 Ngf4 21.Bxf4 {#r} 1-0

[Event "It (open)"]
[Site "masterchessopen.com - Fourmies (France)"]
[Date "2011.06.12"]
[Round "3"]
[White "Edouard Romain (FRA)"]
[Black "Strugnell Carl (FRA)"]
[Result "1-0"]
[WhiteElo "2608"]
[BlackElo "2288"]

1.d4 Nf6 2.c4 c5 3.d5 e5 4.Nc3 d6 5.e4 Be7 6.Nf3 O-O 7.h3 Ne8 8.Bd3 h5 9.h4
Bg4 10.Be2 g6 11.Bh6 Ng7 12.Ng5 f6 13.Bxg7 Kxg7 14.Ne6+ Bxe6 15.dxe6 Nc6 16.g4
hxg4 17.Bxg4 Nd4 18.Rg1 Rh8 19.Bf5 Rxh4 20.Rxg6+ Kh8 21.Qd3 {#r} 1-0

[Event "Tournament \"]
[Site "masterchessopen.com - Egypt"]
[Date "2011.07.13"]
[Round "7"]
[White "Ehab Mohamed (EGY)"]
[Black "Abdel Wahed Tarek (EGY)"]
[Result "0-1"]
[WhiteElo "1961"]
[BlackElo "2106"]

1.d4 Nf6 2.c4 c5 3.d5 e5 4.Nc3 d6 5.e4 Be7 6.Bd3 Nbd7 7.Nge2 Nf8 8.Ng3 g6 9.h4
h5 10.Bg5 N8h7 11.f4 exf4 12.Bxf4 Ng4 13.Qf3 Bxh4 14.Bxd6 Qxd6 15.Rxh4 Ng5
{#R} 0-1

[Event "Tournament (open)"]
[Site "masterchessopen.com - Barrinha (Brazil)"]
[Date "2011.10.14"]
[Round "1"]
[White "Batista Renato Luiz (BRA)"]
[Black "Kajiwara Joao Kazuyuki"]
[Result "1-0"]
[WhiteElo "2194"]
[BlackElo "1256"]

1.d4 Nf6 2.c4 c5 3.d5 e5 4.Nc3 d6 5.e4 Nbd7 6.Nf3 Be7 7.Be2 O-O 8.O-O Ne8
9.Ne1 Bg5 10.Nd3 Bxc1 11.Qxc1 g6 12.a3 Nb6 13.b3 a6 14.f4 f5 15.fxe5 fxe4
16.Rxf8+ Kxf8 17.Qh6+ Kg8 18.Rf1 Ng7 19.Nxe4 Nf5 20.Qf4 Kg7 21.g4 Nd4 22.Qf7+
Kh8 23.Nf6 {#r} 1-0

[Event "Tournament (open)"]
[Site "masterchessopen.com - Barrinha (Brazil)"]
[Date "2011.10.15"]
[Round "3"]
[White "Batista Renato Luiz (BRA)"]
[Black "Ramos Ricardo Guelerman P (BRA)"]
[Result "1-0"]
[WhiteElo "2194"]
[BlackElo "1885"]

1.d4 Nf6 2.c4 c5 3.d5 e5 4.Nc3 d6 5.e4 Be7 6.Nf3 O-O 7.Be2 a6 8.O-O Nbd7 9.Ne1
Ne8 10.Nd3 g6 11.Bh6 Ng7 12.Qd2 f5 13.f4 Bf6 14.Kh1 Rb8 15.a4 b6 16.Rae1 Rf7
17.Bf3 Rb7 18.g3 Qe7 19.Bg2 Nh5 20.Bh3 Bg7 21.Bxg7 Rxg7 22.exf5 gxf5 23.Bxf5
{#r} 1-0

[Event "It (open)"]
[Site "masterchessopen.com - Jakarta (Indonesia)"]
[Date "2011.10.18"]
[Round "8"]
[White "Tirto (INA)"]
[Black "Sutarno (INA)"]
[Result "1-0"]
[WhiteElo "2322"]
[BlackElo "2277"]

1.d4 Nf6 2.c4 c5 3.d5 e5 4.Nc3 d6 5.e4 Be7 6.h3 O-O 7.Nf3 a6 8.Bd3 Nbd7 9.a4
Rb8 10.g4 Ne8 11.Be3 Nb6 {#r} 1-0

[Event "It (open) \"]
[Site "masterchessopen.com - Valpovo (Croatia)"]
[Date "2011.12.03"]
[Round "5"]
[White "Sargac Rajna (CRO)"]
[Black "Deur Zrinka (CRO)"]
[Result "1-0"]
[WhiteElo "2132"]
[BlackElo "2076"]

1.d4 Nf6 2.c4 c5 3.d5 e5 4.Nc3 d6 5.e4 Be7 6.f4 Nfd7 7.Nf3 Bf6 8.Bd3 O-O 9.O-O
Qe7 10.f5 Na6 11.Qe1 Nc7 12.g4 g5 13.h4 h6 14.hxg5 Bxg5 15.Nxg5 hxg5 16.f6
Nxf6 17.Bxg5 Nce8 18.Qh4 {#r} 1-0

[Event "Tournament (Elo) (2)"]
[Site "masterchessopen.com - Sao Paulo (Brazil)"]
[Date "2012.01.10"]
[Round "2"]
[White "Reis Alan De Albuquerque "]
[Black "Garcia Liria Caetano (BRA)"]
[Result "0-1"]
[WhiteElo "2038"]
[BlackElo "1968"]

1.d4 Nf6 2.c4 c5 3.d5 e5 4.e3 d6 5.Nc3 Be7 6.e4 Nbd7 7.Bd3 a6 8.Nge2 h5 9.O-O
h4 10.a3 Nh5 11.b4 Bg5 12.bxc5 Nxc5 13.f4 exf4 14.Nxf4 Nxf4 15.Bxf4 Bxf4
16.Rxf4 Qg5 17.Rf2 {#R} 0-1

[Event "Tournament (team) \"]
[Site "masterchessopen.com - Las Palmas (Spain)"]
[Date "2012.02.25"]
[Round "10"]
[White "Rossello Padron Carlos (ESP)"]
[Black "Buet Samuel"]
[Result "0-1"]
[WhiteElo "1962"]
[BlackElo "1830"]

1.d4 Nf6 2.c4 c5 3.d5 e5 4.Bg5 d6 5.Nc3 Be7 6.e3 Nxd5 7.Qxd5 Bxg5 8.O-O-O Be7
9.Ne4 O-O 10.Nxd6 Qa5 11.Nxc8 Rxc8 12.Qxb7 Nc6 13.Qb3 Rd8 14.a3 e4 15.Rd5 Bf6
16.Nh3 Rxd5 17.cxd5 Qe1+ 18.Qd1 Bxb2+ 19.Kc2 Qc3+ 20.Kb1 Rb8 {#R} 0-1

[Event "Memorial F.Campomanes (open)"]
[Site "masterchessopen.com - Bandar Seri Begawan (Brunei)"]
[Date "2012.04.09"]
[Round "4"]
[White "Dao Thien Hai (VIE)"]
[Black "Vakhidov Jahongir (UZB)"]
[Result "1-0"]
[WhiteElo "2516"]
[BlackElo "2419"]

1.d4 Nf6 2.c4 c5 3.d5 e5 4.Nc3 d6 5.e4 Bd7 6.g3 g6 7.Bg2 Bg7 8.Nge2 O-O 9.O-O
Ne8 10.Be3 a6 11.a4 f5 12.Qd2 Nf6 13.f3 Nh5 14.Bg5 Qe8 15.exf5 gxf5 16.g4 Nf4
17.Nxf4 exf4 18.Bxf4 Be5 19.Rae1 fxg4 20.Bxe5 dxe5 21.f4 {#r} 1-0

[Event "Tournament (Elo) (a)"]
[Site "masterchessopen.com - Valencia (Spain)"]
[Date "2012.05.13"]
[Round "6"]
[White "Galvan Jesus (PER)"]
[Black "Rodriguez Valencoso Juan C (ESP)"]
[Result "1-0"]
[WhiteElo "2258"]
[BlackElo "2150"]

1.d4 Nf6 2.c4 c5 3.d5 e5 4.Nc3 d6 5.e4 Be7 6.Nge2 O-O 7.Ng3 a6 8.Bd3 Ne8 9.h4
b5 10.Nf5 bxc4 11.Bxc4 Bxf5 12.exf5 Nd7 13.Bd3 Nb6 14.g4 Nc7 15.g5 f6 16.Qh5
{#r} 1-0

[Event "Ch Central Serbia (open) (b)"]
[Site "masterchessopen.com - Paracin (Serbia)"]
[Date "2012.07.11"]
[Round "7"]
[White "Bouwmans Erik"]
[Black "Stojanovic Vladimir (SRB)"]
[Result "0-1"]
[WhiteElo "1756"]
[BlackElo "1949"]

1.d4 Nf6 2.c4 c5 3.d5 e5 4.Nc3 d6 5.e4 Nbd7 6.f4 exf4 7.Bxf4 Be7 8.Nf3 Nh5
9.Be3 O-O 10.Bd3 g6 11.O-O Bf6 12.Qd2 Ne5 13.Bg5 Nxf3+ {#R} 0-1

[Event "It (open)"]
[Site "masterchessopen.com - Vaujany (France)"]
[Date "2012.07.14"]
[Round "3"]
[White "Delorme Laurie (FRA)"]
[Black "Hourlier Claire (FRA)"]
[Result "1-0"]
[WhiteElo "2171"]
[BlackElo "1964"]

1.d4 Nf6 2.c4 c5 3.d5 e5 4.Nc3 d6 5.e4 Be7 6.Be2 Nbd7 7.Nf3 Nf8 8.h3 Ng6 9.g3
O-O 10.h4 Ne8 11.h5 Nh8 12.Nh4 Bg5 13.Bg4 g6 14.hxg6 fxg6 15.Be6+ Bxe6 16.dxe6
Qf6 17.Nf5 Bxc1 18.Nd5 Qxe6 19.Nde7+ Kf7 20.Rxh7+ Ng7 21.Rxg7+ Ke8 22.Nxd6+
Kd8 23.Nb5+ {#r} 1-0

[Event "It \"]
[Site "masterchessopen.com - Helsingor (Denmark)"]
[Date "2012.08.01"]
[Round "6"]
[White "Nielsen Borge Hjerrild (DEN)"]
[Black "Moerling Joakim (SWE)"]
[Result "0-1"]
[WhiteElo "2035"]
[BlackElo "1685"]

1.d4 Nf6 2.c4 c5 3.d5 e5 4.Nc3 d6 5.e4 Be7 6.Bd3 Nbd7 7.Nge2 O-O 8.O-O Ne8
9.a3 Bg5 10.b4 Bxc1 11.Qxc1 b6 12.Rb1 a6 13.g3 g6 14.Qh6 Ng7 15.f3 Kh8 16.Nd1
f5 17.exf5 gxf5 18.Qxd6 Rf6 {#R} 0-1

[Event "It (open)"]
[Site "masterchessopen.com - Sabadell (Spain)"]
[Date "2012.09.01"]
[Round "3"]
[White "Larduet Carlos (CUB)"]
[Black "Alarcon Rolando (CUB)"]
[Result "0-1"]
[WhiteElo "2370"]
[BlackElo "2436"]

1.c4 Nf6 2.d4 c5 3.d5 e5 4.Nc3 d6 5.e4 Be7 6.Nf3 Nbd7 7.Bg5 O-O 8.Be2 a6 9.a4
Kh8 10.O-O Ng8 11.Bxe7 Qxe7 12.Nd2 g6 13.a5 f5 14.f3 f4 15.Qb1 Ngf6 16.Ra3 g5
17.Na4 Rg8 18.b4 cxb4 19.Qxb4 g4 20.fxg4 {#R} 0-1

[Event "Ch Croatia (team) (1st league) (a)"]
[Site "masterchessopen.com - Sibenik (Croatia)"]
[Date "2012.09.30"]
[Round "8"]
[White "Kuljasevic Davorin (CRO)"]
[Black "Krnic Ivan (CRO)"]
[Result "1-0"]
[WhiteElo "2555"]
[BlackElo "2167"]

1.d4 Nf6 2.c4 c5 3.d5 e5 4.Nc3 d6 5.e4 Nbd7 6.g3 Be7 7.Bg2 O-O 8.Nge2 Ne8
9.O-O g6 10.Bh6 Ng7 11.Qd2 Nf6 12.h3 Kh8 13.Be3 h5 14.f4 exf4 15.Nxf4 Nd7
16.Nd3 f6 17.a3 Rg8 18.Bxc5 Kh7 19.Be3 b6 20.Ne2 Ne5 21.Nxe5 dxe5 22.b4 {#r}
1-0